000 00498nam a2200157 u 4500
001 000003217
005 20200929150349.0
008 090707s1925 dr c r 000 0 spa d
040 _aDO-SdBNP
_bspa
_cBNPHU
082 _aL791m
100 1 _aLlaverías, Federico
_910157
245 1 0 _aManual de derecho consular dominicano /
_cFederico Llaverías.
260 _aSanto Domingo :
_bJ. R. vda García,
_c1925.
300 _a138p :
_bretr ;
_c23cm.
500 _aEl nombre del autor tiene error en la cubierta
999 _c3048
_d3048